LEADERSHIP IN MANAGEMENT (Record no. 581714)
[ view plain ]
| 000 -LEADER | |
|---|---|
| fixed length control field | 00270nam a22001217a 4500 |
| 020 ## - INTERNATIONAL STANDARD BOOK NUMBER | |
| International Standard Book Number | 0-220-66361-0 |
| 082 ## - DEWEY DECIMAL CLASSIFICATION NUMBER | |
| Classification number | 658.4 MAU'L |
| 100 ## - MAIN ENTRY--PERSONAL NAME | |
| Personal name | MAUDE, BANG |
| 9 (RLIN) | 76320 |
| 245 ## - TITLE STATEMENT | |
| Title | LEADERSHIP IN MANAGEMENT |
| 260 ## - PUBLICATION, DISTRIBUTION, ETC. | |
| Place of publication, distribution, etc. | EUROPE |
| Name of publisher, distributor, etc. | BUSINESS |
| Date of publication, distribution, etc. | 1978 |
| 300 ## - PHYSICAL DESCRIPTION | |
| Extent | 240P |
| 942 ## - ADDED ENTRY ELEMENTS (KOHA) | |
| Koha item type | Book |
| Withdrawn status | Lost status | Damaged status | Not for loan | Permanent Location | Current Location | Shelving location | Date acquired | Total Checkouts | Full call number | Barcode | Date last seen | Price effective from | Koha item type |
|---|---|---|---|---|---|---|---|---|---|---|---|---|---|
| College of Electrical & Mechanical Engineering (CEME) | College of Electrical & Mechanical Engineering (CEME) | General Stacks | 05/29/2017 | 658.4 MAU'L | CEME-11876 | 06/28/2021 | 06/28/2021 | Book |
